Donkey Kong Bananza Bosses - Statistics

General Stats
  • This quiz has been taken 5 times
  • The average score is 9 of 18
Answer Stats
Layer Boss % Correct
Planet Core King K. Rool
100%
Canyon Layer Stompenclomper
100%
New Donk City K. Rool, King of Rot
75%
The Junction Void Kong
75%
Forbidden Layer Void Kong
75%
Canyon Layer Grumpy Kong
50%
Radiance Layer Grumpy Kong
50%
Lagoon Layer Peekabruiser
50%
Freezer Layer Poppy Kong
50%
Radiance Layer Poppy Kong
50%
Landfill Layer Re-Peekabruiser
50%
Tempest Layer Sinister Blusterwing
50%
Forest Layer Abracajabya
25%
Planet Core K. Stompenclomper
25%
Canyon Layer Mad Mixer
25%
Feast Layer Mad Mixer Remix
25%
Feast Layer Muckety-Muck
25%
Freezer Layer Inflammonite
0%
No matching quizzes found
Score Distribution
Percent of People with Each Score
Percentile by Number Answered
Your Score History
You have not taken this quiz